<?xml version="1.0" encoding="UTF-8"?><marc:collection xmlns:marc="http://www.loc.gov/MARC21/slim">
  <marc:record>
    <marc:leader>03450nas a2200613 c 4500</marc:leader>
    <marc:controlfield tag="001">01000050X</marc:controlfield>
    <marc:controlfield tag="003">DE-101</marc:controlfield>
    <marc:controlfield tag="005">20250709210009.0</marc:controlfield>
    <marc:controlfield tag="007">tu</marc:controlfield>
    <marc:controlfield tag="008">991118d19481967dk u||p|  ||| 0||||1||| c</marc:controlfield>
    <marc:datafield tag="016" ind1="7" ind2=" ">
      <marc:subfield code="2">DE-600</marc:subfield>
      <marc:subfield code="a">67-X</marc:subfield>
    </marc:datafield>
    <marc:datafield tag="016" ind1="7" ind2=" ">
      <marc:subfield code="2">DE-101</marc:subfield>
      <marc:subfield code="a">01000050X</marc:subfield>
    </marc:datafield>
    <marc:datafield tag="022" ind1=" " ind2=" ">
      <marc:subfield code="a">0001-5520</marc:subfield>
    </marc:datafield>
    <marc:datafield tag="022" ind1=" " ind2=" ">
      <marc:subfield code="a">0365-110X</marc:subfield>
    </marc:datafield>
    <marc:datafield tag="030" ind1=" " ind2=" ">
      <marc:subfield code="a">ACCRA</marc:subfield>
    </marc:datafield>
    <marc:datafield tag="035" ind1=" " ind2=" ">
      <marc:subfield code="a">(DE-599)ZDB67-X</marc:subfield>
    </marc:datafield>
    <marc:datafield tag="035" ind1=" " ind2=" ">
      <marc:subfield code="a">(OCoLC)1367319024</marc:subfield>
    </marc:datafield>
    <marc:datafield tag="040" ind1=" " ind2=" ">
      <marc:subfield code="a">9001</marc:subfield>
      <marc:subfield code="b">ger</marc:subfield>
      <marc:subfield code="c">DE-101</marc:subfield>
      <marc:subfield code="d">9999</marc:subfield>
    </marc:datafield>
    <marc:datafield tag="042" ind1=" " ind2=" ">
      <marc:subfield code="a">zdb</marc:subfield>
    </marc:datafield>
    <marc:datafield tag="044" ind1=" " ind2=" ">
      <marc:subfield code="c">XA-DK</marc:subfield>
    </marc:datafield>
    <marc:datafield tag="082" ind1="7" ind2="4">
      <marc:subfield code="a">050</marc:subfield>
      <marc:subfield code="q">DE-101</marc:subfield>
      <marc:subfield code="2">22sdnb</marc:subfield>
    </marc:datafield>
    <marc:datafield tag="083" ind1="7" ind2=" ">
      <marc:subfield code="a">530</marc:subfield>
      <marc:subfield code="q">DE-600</marc:subfield>
      <marc:subfield code="2">22sdnb</marc:subfield>
    </marc:datafield>
    <marc:datafield tag="210" ind1="0" ind2="0">
      <marc:subfield code="a">Acta Crystallogr.</marc:subfield>
    </marc:datafield>
    <marc:datafield tag="245" ind1="0" ind2="0">
      <marc:subfield code="a">Acta crystallographica</marc:subfield>
      <marc:subfield code="c">publ. for the International Union of Crystallography</marc:subfield>
    </marc:datafield>
    <marc:datafield tag="264" ind1="3" ind2="1">
      <marc:subfield code="a">Copenhagen</marc:subfield>
      <marc:subfield code="b">Munksgaard</marc:subfield>
      <marc:subfield code="c">1948-1967</marc:subfield>
    </marc:datafield>
    <marc:datafield tag="264" ind1="2" ind2="1">
      <marc:subfield code="3">1948-1951</marc:subfield>
      <marc:subfield code="a">Cambridge</marc:subfield>
      <marc:subfield code="b">Univ. Press</marc:subfield>
    </marc:datafield>
    <marc:datafield tag="336" ind1=" " ind2=" ">
      <marc:subfield code="a">Text</marc:subfield>
      <marc:subfield code="b">txt</marc:subfield>
      <marc:subfield code="2">rdacontent</marc:subfield>
    </marc:datafield>
    <marc:datafield tag="337" ind1=" " ind2=" ">
      <marc:subfield code="a">ohne Hilfsmittel zu benutzen</marc:subfield>
      <marc:subfield code="b">n</marc:subfield>
      <marc:subfield code="2">rdamedia</marc:subfield>
    </marc:datafield>
    <marc:datafield tag="338" ind1=" " ind2=" ">
      <marc:subfield code="a">Band</marc:subfield>
      <marc:subfield code="b">nc</marc:subfield>
      <marc:subfield code="2">rdacarrier</marc:subfield>
    </marc:datafield>
    <marc:datafield tag="362" ind1="0" ind2=" ">
      <marc:subfield code="a">1.1948 - 23.1967</marc:subfield>
    </marc:datafield>
    <marc:datafield tag="363" ind1="0" ind2="0">
      <marc:subfield code="8">1.1\x</marc:subfield>
      <marc:subfield code="a">1</marc:subfield>
      <marc:subfield code="i">1948</marc:subfield>
    </marc:datafield>
    <marc:datafield tag="363" ind1="1" ind2="0">
      <marc:subfield code="8">1.2\x</marc:subfield>
      <marc:subfield code="a">23</marc:subfield>
      <marc:subfield code="i">1967</marc:subfield>
    </marc:datafield>
    <marc:datafield tag="365" ind1=" " ind2=" ">
      <marc:subfield code="b">dkr 400.00 (jährl.), dkr 50.00 (Einzelh.)</marc:subfield>
    </marc:datafield>
    <marc:datafield tag="555" ind1="8" ind2=" ">
      <marc:subfield code="a">Index 1/10.1948/57(1957) - 11/23.1958/67(1974)</marc:subfield>
    </marc:datafield>
    <marc:datafield tag="630" ind1="0" ind2="7">
      <marc:subfield code="0">(DE-588)4141323-4</marc:subfield>
      <marc:subfield code="0">https://d-nb.info/gnd/4141323-4</marc:subfield>
      <marc:subfield code="0">(DE-101)041413237</marc:subfield>
      <marc:subfield code="a">Acta crystallographica</marc:subfield>
      <marc:subfield code="9">rswk-swf</marc:subfield>
      <marc:subfield code="2">gnd</marc:subfield>
    </marc:datafield>
    <marc:datafield tag="650" ind1=" " ind2="7">
      <marc:subfield code="0">(DE-588)4033217-2</marc:subfield>
      <marc:subfield code="0">https://d-nb.info/gnd/4033217-2</marc:subfield>
      <marc:subfield code="0">(DE-101)040332179</marc:subfield>
      <marc:subfield code="a">Kristallographie</marc:subfield>
      <marc:subfield code="9">rswk-swf</marc:subfield>
      <marc:subfield code="2">gnd</marc:subfield>
    </marc:datafield>
    <marc:datafield tag="650" ind1=" " ind2="7">
      <marc:subfield code="0">(DE-588)4067488-5</marc:subfield>
      <marc:subfield code="0">https://d-nb.info/gnd/4067488-5</marc:subfield>
      <marc:subfield code="0">(DE-101)040674886</marc:subfield>
      <marc:subfield code="a">Zeitschrift</marc:subfield>
      <marc:subfield code="9">rswk-swf</marc:subfield>
      <marc:subfield code="2">gnd</marc:subfield>
    </marc:datafield>
    <marc:datafield tag="650" ind1=" " ind2="7">
      <marc:subfield code="0">(DE-588)4033217-2</marc:subfield>
      <marc:subfield code="0">https://d-nb.info/gnd/4033217-2</marc:subfield>
      <marc:subfield code="0">(DE-101)040332179</marc:subfield>
      <marc:subfield code="a">Kristallographie</marc:subfield>
      <marc:subfield code="9">rswk-swf</marc:subfield>
      <marc:subfield code="2">gnd</marc:subfield>
    </marc:datafield>
    <marc:datafield tag="655" ind1=" " ind2="7">
      <marc:subfield code="0">(DE-588)4067488-5</marc:subfield>
      <marc:subfield code="0">https://d-nb.info/gnd/4067488-5</marc:subfield>
      <marc:subfield code="0">(DE-101)040674886</marc:subfield>
      <marc:subfield code="a">Zeitschrift</marc:subfield>
      <marc:subfield code="2">gnd-content</marc:subfield>
    </marc:datafield>
    <marc:datafield tag="689" ind1="0" ind2="0">
      <marc:subfield code="0">(DE-588)4033217-2</marc:subfield>
      <marc:subfield code="0">https://d-nb.info/gnd/4033217-2</marc:subfield>
      <marc:subfield code="0">(DE-101)040332179</marc:subfield>
      <marc:subfield code="D">s</marc:subfield>
      <marc:subfield code="a">Kristallographie</marc:subfield>
    </marc:datafield>
    <marc:datafield tag="689" ind1="0" ind2="1">
      <marc:subfield code="0">(DE-588)4067488-5</marc:subfield>
      <marc:subfield code="0">https://d-nb.info/gnd/4067488-5</marc:subfield>
      <marc:subfield code="0">(DE-101)040674886</marc:subfield>
      <marc:subfield code="D">s</marc:subfield>
      <marc:subfield code="a">Zeitschrift</marc:subfield>
    </marc:datafield>
    <marc:datafield tag="689" ind1="0" ind2=" ">
      <marc:subfield code="5">DE-600</marc:subfield>
      <marc:subfield code="5">DE-600</marc:subfield>
    </marc:datafield>
    <marc:datafield tag="689" ind1="1" ind2="0">
      <marc:subfield code="0">(DE-588)4141323-4</marc:subfield>
      <marc:subfield code="0">https://d-nb.info/gnd/4141323-4</marc:subfield>
      <marc:subfield code="0">(DE-101)041413237</marc:subfield>
      <marc:subfield code="D">u</marc:subfield>
      <marc:subfield code="a">Acta crystallographica</marc:subfield>
    </marc:datafield>
    <marc:datafield tag="689" ind1="1" ind2=" ">
      <marc:subfield code="5">DE-600</marc:subfield>
      <marc:subfield code="5">DE-600</marc:subfield>
    </marc:datafield>
    <marc:datafield tag="689" ind1="2" ind2="0">
      <marc:subfield code="0">(DE-588)4033217-2</marc:subfield>
      <marc:subfield code="0">https://d-nb.info/gnd/4033217-2</marc:subfield>
      <marc:subfield code="0">(DE-101)040332179</marc:subfield>
      <marc:subfield code="D">s</marc:subfield>
      <marc:subfield code="a">Kristallographie</marc:subfield>
    </marc:datafield>
    <marc:datafield tag="689" ind1="2" ind2=" ">
      <marc:subfield code="5">DE-600</marc:subfield>
      <marc:subfield code="5">DE-600</marc:subfield>
    </marc:datafield>
    <marc:datafield tag="710" ind1="2" ind2=" ">
      <marc:subfield code="0">(DE-588)4721-1</marc:subfield>
      <marc:subfield code="0">https://d-nb.info/gnd/4721-1</marc:subfield>
      <marc:subfield code="0">(DE-101)00004721X</marc:subfield>
      <marc:subfield code="a">Internationale Union für Kristallographie</marc:subfield>
      <marc:subfield code="e">Herausgebendes Organ</marc:subfield>
      <marc:subfield code="4">isb</marc:subfield>
      <marc:subfield code="2">gnd</marc:subfield>
    </marc:datafield>
    <marc:datafield tag="776" ind1="0" ind2="8">
      <marc:subfield code="i">Erscheint auch als</marc:subfield>
      <marc:subfield code="n">Online-Ausgabe</marc:subfield>
      <marc:subfield code="t">Acta crystallographica</marc:subfield>
      <marc:subfield code="d">Copenhagen : Munksgaard, 1948-1967</marc:subfield>
      <marc:subfield code="h">Online-Ressource</marc:subfield>
      <marc:subfield code="x">0365-110X</marc:subfield>
      <marc:subfield code="w">(DE-600)2194977-3</marc:subfield>
      <marc:subfield code="w">(DE-101)975624547</marc:subfield>
    </marc:datafield>
    <marc:datafield tag="785" ind1="0" ind2="0">
      <marc:subfield code="i">Forts.:</marc:subfield>
      <marc:subfield code="t">Acta crystallographica / A. Section A, Foundations of crystallography</marc:subfield>
      <marc:subfield code="d">Oxford : Wiley-Blackwell, 1968-2013</marc:subfield>
      <marc:subfield code="x">0567-7394</marc:subfield>
      <marc:subfield code="w">(DE-600)6042-2</marc:subfield>
      <marc:subfield code="w">(DE-101)010081496</marc:subfield>
    </marc:datafield>
    <marc:datafield tag="785" ind1="0" ind2="0">
      <marc:subfield code="i">Forts.:</marc:subfield>
      <marc:subfield code="t">Acta crystallographica / B. Section B, Structural science, crystal engineering and materials</marc:subfield>
      <marc:subfield code="d">Oxford : Wiley-Blackwell, 1968-2013</marc:subfield>
      <marc:subfield code="x">2052-5192</marc:subfield>
      <marc:subfield code="w">(DE-600)6043-4</marc:subfield>
      <marc:subfield code="w">(DE-101)010081518</marc:subfield>
    </marc:datafield>
    <marc:datafield tag="787" ind1="0" ind2="8">
      <marc:subfield code="i">7,10=3; 10,12=4; 13,12=5 von</marc:subfield>
      <marc:subfield code="a">Internationale Union für Kristallographie</marc:subfield>
      <marc:subfield code="t">Report of the ... general assembly and international congress</marc:subfield>
      <marc:subfield code="d">Copenhagen : Munksgaard, 1948-1960</marc:subfield>
      <marc:subfield code="w">(DE-600)395216-2</marc:subfield>
      <marc:subfield code="w">(DE-101)012165506</marc:subfield>
    </marc:datafield>
    <marc:datafield tag="787" ind1="0" ind2="8">
      <marc:subfield code="i">16,Suppl.=6; 21,Suppl.=7 von</marc:subfield>
      <marc:subfield code="a">Internationale Union für Kristallographie</marc:subfield>
      <marc:subfield code="t">Abstracts of the communications / International Union of Crystallography</marc:subfield>
      <marc:subfield code="d">Copenhagen : Munksgaard [u.a.], 1963-1966</marc:subfield>
      <marc:subfield code="w">(DE-600)1019632-8</marc:subfield>
      <marc:subfield code="w">(DE-101)015524418</marc:subfield>
    </marc:datafield>
    <marc:datafield tag="850" ind1=" " ind2=" ">
      <marc:subfield code="a">DE-101a</marc:subfield>
    </marc:datafield>
    <marc:datafield tag="889" ind1=" " ind2=" ">
      <marc:subfield code="w">(DE-101)944651496</marc:subfield>
    </marc:datafield>
  </marc:record>
</marc:collection>
